Code Lyoko Trivia - Statistics

General Stats
  • This quiz has been taken 296 times
  • The average score is 7 of 11
Answer Stats
Hint Answer % Correct
Who can deactivate the towers Aelita
95%
Who is the oldest in the group Yumi
90%
Who is the gym teacher Jim
88%
What is the name of Odd's dog Kiwi
84%
Who was possessed by XANA William
71%
What did Jeremie call Aelita when he first found her Maya
63%
What is the password for the 5th sector Scipio
61%
What does Odd call his weapon Laser Arrow
56%
What is the name of Aelita elf dolll Mister Pück
30%
What is Aelita afraid of Wolves
29%
What word does Odd hate being called Scrawny
14%
No matching quizzes found
Score Distribution
Percent of People with Each Score
Percentile by Number Answered
Your Score History
You have not taken this quiz